Modeling Significant Characteristics of Complete Blood Count Reports for Screening of Leukemia using Machine Learning Methods / (Record no. 586829)

000 -LEADER
fixed length control field 00553nam a22001577a 4500
020 ## - INTERNATIONAL STANDARD BOOK NUMBER
Qualifying information Hard Cover.
082 ## - DEWEY DECIMAL CLASSIFICATION NUMBER
Classification number 570.2 QUR
100 ## - MAIN ENTRY--PERSONAL NAME
Personal name Hira Qureshi.
245 ## - TITLE STATEMENT
Title Modeling Significant Characteristics of Complete Blood Count Reports for Screening of Leukemia using Machine Learning Methods /
Statement of responsibility, etc. Qureshi, Hira
260 ## - PUBLICATION, DISTRIBUTION, ETC.
Place of publication, distribution, etc. Islamabad:
Name of publisher, distributor, etc. RCMS-NUST,
Date of publication, distribution, etc. 2021.
300 ## - PHYSICAL DESCRIPTION
Extent 80 p. :
Other physical details ill. ;
Dimensions 30cm.
650 ## - SUBJECT ADDED ENTRY--TOPICAL TERM
Topical term or geographic name entry element MS-Bioinformatics
700 ## - ADDED ENTRY--PERSONAL NAME
Personal name Dr. Zameer Hussain
942 ## - ADDED ENTRY ELEMENTS (KOHA)
Source of classification or shelving scheme
Koha item type Thesis
650 ## - SUBJECT ADDED ENTRY--TOPICAL TERM
-- 84380
700 ## - ADDED ENTRY--PERSONAL NAME
-- 84381
Holdings
Withdrawn status Lost status Source of classification or shelving scheme Damaged status Not for loan Permanent Location Current Location Shelving location Date acquired Total Checkouts Full call number Barcode Date last seen Price effective from Koha item type
          School of Interdisciplinary Engineering and Sciences (SINES) School of Interdisciplinary Engineering and Sciences (SINES) Thesis 11/17/2021   570.2 QUR RCMS003293 11/17/2021 11/17/2021 Reference
© 2023 Central Library, National University of Sciences and Technology. All Rights Reserved.